000 00801nam a2200205 a 4500
001 000801466
003 AM-YeHGA
005 20250617161643.0
008 110406s1955 ||||||||||||||||||||rus|c
040 _aAM-YeHGA
041 0 _arus
245 0 0 _aПлодоводство и ягодоводство :
_bУчебное пособие /
_cПод ред. В.А. Колесникова.
260 _aМосква :
_bСельхозгиз,
_c1955.
300 _a383 с. :
_bил., табл. ;
_c21 см.
440 0 _aТрехлетние колхозные агрозоотехнические курсы
_nвторой год обучения
650 1 4 _aПлодоводство
650 1 4 _aЯгодоводство
700 1 _aКолесников, В.А.
_eред.
_4edt
090 _c478328
999 _c475039
_d475039